000
00263nam a22001217a 4500
020
_a
0-7214-9591-5
082
_a
823
_b
CAR/L
100
_a
BRACKEN, CAROLYN
245
_a
LITTLE JACK HORNER
260
_a
UK
_b
LADY BIRD
650
_a
ENGLISH RHYMES
_z
UK
942
_c
BK
999
_c
2656
_d
2656